| 000 | 01245mm a2200385a 44500 | ||
|---|---|---|---|
| 001 | NM030038 | ||
| 003 | RG CODE MARC | ||
| 008 | 95020s2015 ||||||||||||||000 | spa|| | ||
| 005 | 20251028183339.0 | ||
| 020 | _a978-950-28-0831-4 | ||
| 040 | _aORG CODE MARC | ||
| 100 |
_aRobinson, Ken _940884 |
||
| 245 |
_aEscuelas creativas _bla revolución que está transformando la educación _cKen Robinson , y Lou Aronica, y Rosa Pérez Pérez |
||
| 250 | _a1ª ed. | ||
| 260 |
_aBuenos Aires _bGrijalbo |
||
| 300 |
_a367 p. _b22 cm. |
||
| 500 | _aTítulo original: Creative Schools | ||
| 500 | _aDonación de Pablo Vernola, 2025 | ||
| 500 | _aIncluye índice | ||
| 505 | _tIntroducción. Un minuto antes de medianoche | ||
| 505 | _t1. Volver a lo básico | ||
| 505 | _t2. Cambiar de metáfora | ||
| 505 | _t3. Cambiar las escuelas | ||
| 505 | _t4. Aprendices natos | ||
| 505 | _t5. El arte de enseñar | ||
| 505 | _t6. ¿Qué merece la pensa saber? | ||
| 505 | _t7. Exámenes, exámenes | ||
| 505 | _t8. Dirigir con principios | ||
| 505 | _t9. De vuelta al hogar | ||
| 505 | _t10. Cambiar el clima general | ||
| 505 | _tEpílogo | ||
| 700 |
_aAronica, Lou _940885 |
||
| 700 |
_aPérez Pérez, Rosa _940886 |
||
| 942 | _cBK | ||
| 999 |
_c29345 _d29345 |
||